[Event "HUN-chT2 Breyer 1819"]
[Site "Hungary"]
[Date "2018.11.18"]
[Round "2.3"]
[White "Horvath, Istvan1111"]
[Black "Varga, Vilmos"]
[Result "1/2-1/2"]
[WhiteElo "2117"]
[BlackElo "2106"]
[PlyCount "123"]
[EventDate "2018.10.28"]
[EventType "team-tourn"]
[EventRounds "9"]
[EventCountry "HUN"]
[SourceTitle "CBM 189 Extra"]
[Source "ChessBase"]
[SourceDate "2019.06.03"]
[SourceVersion "1"]
[SourceVersionDate "2019.06.03"]
[SourceQuality "1"]
[WhiteTeam "Nyergesujfalu"]
[BlackTeam "Zsambek"]
[WhiteTeamCountry "HUN"]
[BlackTeamCountry "HUN"]

1. e4 e6 2. d4 d5 3. Nc3 Bb4 4. e5 c5 5. Bd2 cxd4 6. Nb5 Be7 7. Qg4 Kf8 8. Nxd4 Nc6 9. Nxc6 bxc6 10. Bd3 Rb8 11. b3 Qc7 12. Nf3 h5 13. Qf4 Nh6 14. 0-0 Nf5 15. c4 g6 16. cxd5 exd5 17. Rac1 c5 18. Rfe1 Be6 19. Ng5 Qd7 20. Bxf5 gxf5 21. Rc2 Qb5 22. Qh4 Qd3 23. Rec1 Bd7 24. Bc3 d4 25. Bd2 Rb6 26. f4 Kg7 27. Be1 Kg6 28. Bd2 Bc6 29. e6 fxe6 30. Be1 Bd5 31. Nf3 Qe3+ 32. Bf2 Qxc1+ 33. Rxc1 Bxh4 34. Nxh4+ Kf7 35. Rxc5 Rc6 36. Bxd4 Rhc8 37. Rxc6 Rxc6 38. Bxa7 Ra6 39. Bc5 Rxa2 40. b4 Rb2 41. h3 Be4 42. Kh2 Rb3 43. Kg1 Ke8 44. Kf2 Kd7 45. Bf8 Kc6 46. Be7 Kd5 47. Bc5 Kc4 48. Bd6 Bd5 49. Bf8 Kd4 50. Bd6 Bc6 51. Kf1 Ke3 52. Kg1 Ke2 53. Bc5 Rg3 54. Bf2 Rc3 55. Bc5 Rc2 56. Ng6 Rc1+ 57. Kh2 Kf1 58. g4 hxg4 59. hxg4 fxg4 60. Kg3 Be4 61. Ne5 Bf5 62. Nxg4 1/2-1/2

[Event "HUN-chT2 Breyer 1718"]
[Site "Hungary"]
[Date "2018.02.18"]
[Round "8.4"]
[White "Toth, Istvan2222"]
[Black "Varga, Vilmos"]
[Result "0-1"]
[WhiteElo "1932"]
[BlackElo "2118"]
[PlyCount "78"]
[EventDate "2017.09.24"]
[EventType "team-tourn"]
[EventRounds "11"]
[EventCountry "HUN"]
[SourceTitle "EXT 2021"]
[Source "ChessBase"]
[SourceDate "2020.10.23"]
[SourceVersion "1"]
[SourceVersionDate "2020.10.23"]
[SourceQuality "1"]
[WhiteTeam "Nyergesujfalu"]
[BlackTeam "Zsambek"]
[WhiteTeamCountry "HUN"]
[BlackTeamCountry "HUN"]

1. d4 Nf6 2. c4 g6 3. Nc3 Bg7 4. e4 d6 5. Be2 0-0 6. f4 c5 7. Nf3 cxd4 8. Nxd4 Nc6 9. Be3 Bd7 10. Qd2 a5 11. 0-0 a4 12. Kh1 Qa5 13. Rab1 Rfe8 14. Bf3 Rac8 15. h3 Nh5 16. Kh2 Nxd4 17. Bxd4 Bxd4 18. Qxd4 Nxf4 19. Bd1 Ne6 20. Qf2 Qe5+ 21. Kh1 Rf8 22. Nxa4 Bxa4 23. Bxa4 Rxc4 24. Bb3 Rxe4 25. Rfe1 Nc5 26. Bc4 d5 27. Bb5 Rxe1+ 28. Rxe1 Ne4 29. Kg1 Rc8 30. Qe3 Qxb2 31. a4 Rc3 32. Qf4 Rc2 33. Bf1 e5 34. Qh4 Kg7 35. Kh2 Nf6 36. Qg5 e4 37. h4 h6 38. Qf4 h5 39. Rd1 d4 0-1

[Event "HUN-chT2 Breyer 1213"]
[Site "Hungary"]
[Date "2013.03.24"]
[Round "9.3"]
[White "Szucs, Sandor"]
[Black "Varga, Vilmos"]
[Result "0-1"]
[WhiteElo "2060"]
[BlackElo "2140"]
[PlyCount "94"]
[EventDate "2012.09.16"]
[EventType "team-tourn"]
[EventRounds "11"]
[EventCountry "HUN"]
[SourceTitle "EXT 2014"]
[Source "ChessBase"]
[SourceDate "2013.11.20"]
[SourceVersion "1"]
[SourceVersionDate "2013.11.20"]
[SourceQuality "1"]
[WhiteTeam "Szechenyi"]
[BlackTeam "Zsambek"]
[WhiteTeamCountry "HUN"]
[BlackTeamCountry "HUN"]

1. d4 Nf6 2. c4 g6 3. Nc3 Bg7 4. e4 d6 5. Be2 0-0 6. Nf3 e5 7. 0-0 Nc6 8. d5 Ne7 9. h3 Nh5 10. Nh2 Nf4 11. Bf3 f5 12. Be3 fxe4 13. Bxe4 Nf5 14. Qd2 Nd4 15. Nb5 Nde2+ 16. Kh1 a6 17. Nc3 Nd4 18. Rad1 Bd7 19. f3 Nh5 20. Bf2 Nf5 21. Ne2 Bh6 22. Qe1 Nf4 23. Ng4 Bg5 24. Nxf4 exf4 25. Nh2 Re8 26. Kg1 b5 27. c5 dxc5 28. Qc3 Nd6 29. Rfe1 c4 30. Re2 Bf6 31. Bd4 Bxd4+ 32. Qxd4 b4 33. Rde1 Kf7 34. Ng4 Bxg4 35. fxg4 Qf6 36. Qd2 c3 37. bxc3 bxc3 38. Qc1 Qd4+ 39. Kh2 g5 40. Bxh7 Rxe2 41. Rxe2 Re8 42. Rxe8 Kxe8 43. Qe1+ Qe3 44. Qb1 Qe5 45. Qd3 Ke7 46. Kg1 Nb5 47. Qc4 Qd4+ 0-1

[Event "HUN-chT2 Breyer 1112"]
[Site "Hungary"]
[Date "2011.11.27"]
[Round "4.3"]
[White "Kovacs, David"]
[Black "Varga, Vilmos"]
[Result "1/2-1/2"]
[WhiteElo "2159"]
[BlackElo "2114"]
[PlyCount "47"]
[EventDate "2011.09.25"]
[EventType "team-tourn"]
[EventRounds "11"]
[EventCountry "HUN"]
[SourceTitle "EXT 2013"]
[Source "ChessBase"]
[SourceDate "2012.11.22"]
[SourceVersion "1"]
[SourceVersionDate "2012.11.22"]
[SourceQuality "1"]
[WhiteTeam "Geniusz Tata"]
[BlackTeam "Zsambek"]
[WhiteTeamCountry "HUN"]
[BlackTeamCountry "HUN"]

1. e4 e6 2. d4 d5 3. Nc3 Bb4 4. Nge2 dxe4 5. a3 Be7 6. Nxe4 Nf6 7. N2c3 0-0 8. Bc4 Nbd7 9. 0-0 Nb6 10. Ba2 Bd7 11. Qd3 Bc6 12. Bd2 Qd7 13. Rad1 Rad8 14. Bf4 Nbd5 15. Be5 Ng4 16. Qg3 Nxe5 17. dxe5 Nxc3 18. Nxc3 Qc8 19. Bc4 Rxd1 20. Rxd1 Rd8 21. Bd3 Rd7 22. Qh3 h6 23. Re1 Qd8 24. Qe3 1/2-1/2

[Event "HUN-chT2 Breyer 1112"]
[Site "Hungary"]
[Date "2011.09.26"]
[Round "1.3"]
[White "Varga, Vilmos"]
[Black "Bokros, Norbert"]
[Result "1-0"]
[WhiteElo "2114"]
[BlackElo "2054"]
[PlyCount "97"]
[EventDate "2011.09.25"]
[EventType "team-tourn"]
[EventRounds "11"]
[EventCountry "HUN"]
[SourceTitle "EXT 2013"]
[Source "ChessBase"]
[SourceDate "2012.11.22"]
[SourceVersion "1"]
[SourceVersionDate "2012.11.22"]
[SourceQuality "1"]
[WhiteTeam "Zsambek"]
[BlackTeam "Turul"]
[WhiteTeamCountry "HUN"]
[BlackTeamCountry "HUN"]

1. e4 c5 2. Nf3 e6 3. d4 cxd4 4. Nxd4 a6 5. Nc3 Qc7 6. g3 Nf6 7. Bg2 Bb4 8. 0-0 Nc6 9. Nxc6 dxc6 10. Bg5 Be7 11. Re1 e5 12. a4 a5 13. h3 Be6 14. Be3 Rd8 15. Qe2 0-0 16. f4 g6 17. Qf2 Qc8 18. Kh2 Bd6 19. f5 gxf5 20. exf5 Bd7 21. Bh6 Kh8 22. Bxf8 Rxf8 23. Ne4 Nxe4 24. Bxe4 f6 25. Rad1 Bc7 26. Qf3 Rg8 27. Rd3 Rg5 28. h4 Rg7 29. Qh5 Be8 30. Qh6 Bd8 31. Red1 Be7 32. Kg2 Rg4 33. Kf3 Rxe4 34. Kxe4 c5 35. Rd8 Qc6+ 36. Ke3 Kg8 37. Qh5 Bxd8 38. Rxd8 Kf8 39. Qxh7 Qxa4 40. Qh8+ Ke7 41. Qxe8+ Qxe8 42. Rxe8+ Kxe8 43. c4 a4 44. Ke4 b5 45. cxb5 c4 46. b6 Kd7 47. b7 Kc7 48. b8Q+ Kxb8 49. h5 1-0

[Event "HUN-chT2 Breyer 1011"]
[Site "Hungary"]
[Date "2010.09.26"]
[Round "2.3"]
[White "Gelle, Istvan"]
[Black "Varga, Vilmos"]
[Result "1/2-1/2"]
[WhiteElo "2335"]
[BlackElo "2115"]
[PlyCount "133"]
[EventDate "2010.09.12"]
[EventType "team-tourn"]
[EventRounds "11"]
[EventCountry "HUN"]
[SourceTitle "EXT 2012"]
[Source "ChessBase"]
[SourceDate "2011.11.24"]
[SourceVersion "1"]
[SourceVersionDate "2011.11.24"]
[SourceQuality "1"]
[WhiteTeam "Torokbalint"]
[BlackTeam "Zsambek"]
[WhiteTeamCountry "HUN"]
[BlackTeamCountry "HUN"]

1. d4 Nf6 2. Bf4 g6 3. e3 Bg7 4. Nf3 0-0 5. c3 b6 6. Nbd2 c5 7. h3 d6 8. Bh2 Re8 9. a4 Bb7 10. Be2 Nc6 11. 0-0 Qc7 12. Qb3 Na5 13. Qa3 c4 14. Rfe1 Rac8 15. Bf1 Qd7 16. e4 e5 17. dxe5 dxe5 18. Rad1 Qc7 19. Qa2 Nh5 20. Nd4 a6 21. Nc2 b5 22. Ne3 Rcd8 23. axb5 axb5 24. b4 Nc6 25. Nd5 Qb8 26. Nf3 Nf4 27. Nxf4 Rxd1 28. Rxd1 exf4 29. Qc2 Nd8 30. Re1 Ne6 31. Nd2 Qe5 32. Nb1 f5 33. Qc1 fxe4 34. g3 Bh6 35. Bg2 f3 36. Qxh6 fxg2 37. Re3 Ng5 38. Kxg2 Qf5 39. g4 Qf6 40. Bg3 Nf3 41. Qf4 Qxf4 42. Bxf4 Rd8 43. Na3 Rd1 44. Bh2 Bc6 45. Nc2 Rd2 46. Ne1 Nxe1+ 47. Rxe1 e3+ 48. Kg3 Rxf2 49. Bg1 Rg2+ 50. Kf4 e2 51. Bd4 Kf7 52. Ke5 Ke7 53. Bc5+ Kd7 54. h4 Rxg4 55. Rxe2 Rxh4 56. Kf6 Be4 57. Kg5 Rh5+ 58. Kf6 Bd5 59. Re5 Rxe5 60. Kxe5 Bf3 61. Kf6 Be4 62. Kg5 h5 63. Kh4 Ke6 64. Be3 Kf5 65. Bg5 Bf3 66. Bd8 Bg4 67. Bg5 1/2-1/2

[Event "HUN-chT3"]
[Site "Hungary"]
[Date "1997.??.??"]
[Round "?"]
[White "Varga, Vilmos"]
[Black "Harmatosi, Jozsef"]
[Result "1-0"]
[WhiteElo "2105"]
[BlackElo "2180"]
[PlyCount "79"]
[EventDate "1997.??.??"]
[EventType "team"]
[EventRounds "13"]
[EventCountry "HUN"]
[SourceTitle "EXT 2001"]
[Source "ChessBase"]
[SourceDate "2000.11.22"]
[SourceVersion "1"]
[SourceVersionDate "2000.11.22"]
[SourceQuality "1"]

1. e4 c6 2. d4 d5 3. Nd2 g6 4. Ngf3 Bg7 5. h3 Nh6 6. Be2 0-0 7. 0-0 f6 8. Re1 Nf7 9. c3 e5 10. dxe5 fxe5 11. Qb3 b6 12. Nf1 Nd7 13. Be3 Bb7 14. Rad1 Qe7 15. Ng3 Nc5 16. Qa3 Rfe8 17. exd5 cxd5 18. Bb5 Rec8 19. Bd4 Qc7 20. Be3 Bf8 21. Bxc5 bxc5 22. c4 d4 23. Ba6 Bxa6 24. Qxa6 Bg7 25. Ne4 Qb6 26. Qa3 a5 27. Qd3 Rf8 28. Re2 Nd8 29. Rde1 Nc6 30. a3 a4 31. Neg5 Rfe8 32. Qe4 Rad8 33. Nxh7 d3 34. Qxg6 dxe2 35. Nf6+ Kf8 36. Ng5 Qa7 37. Ngh7+ Ke7 38. Qxg7+ Ke6 39. Ng5+ Kf5 40. g4+ 1-0